Facing the field: (Record no. 10168)

000 -LEADER
fixed length control field 00575nam a2200181 a 4500
001 - CONTROL NUMBER
control field :::00007953$&:&@@
003 - CONTROL NUMBER IDENTIFIER
control field OkBaRHE
005 - DATE AND TIME OF LATEST TRANSACTION
control field 20000607103340.0
008 - FIXED-LENGTH DATA ELEMENTS--GENERAL INFORMATION
fixed length control field s1959 j 000 0 eng u
040 ## - CATALOGING SOURCE
Transcribing agency
100 1# - MAIN ENTRY--PERSONAL NAME
Personal name Soltau, T. Stanley.
245 10 - TITLE STATEMENT
Title Facing the field:
Remainder of title the foreign missionary and his problems.
260 ## - PUBLICATION, DISTRIBUTION, ETC. (IMPRINT)
Place of publication, distribution, etc Grand Rapids, MI., :
Name of publisher, distributor, etc Baker Book House
Date of publication, distribution, etc c1959
300 ## - PHYSICAL DESCRIPTION
Extent 135 p. ;
Dimensions 21 cm.
650 ## - SUBJECT ADDED ENTRY--TOPICAL TERM
Topical term or geographic name as entry element Missions
General subdivision Foreign
942 ## - ADDED ENTRY ELEMENTS (KOHA)
Source of classification or shelving scheme
Koha item type Books
Copies
Not for loan Full call number Copy number Date acquired Source of classification or shelving scheme Barcode Koha item type Withdrawn status Lost status Damaged status Permanent Location Date last seen Shelving location Price effective from
 BV 2067 .S6812010-04-14 7953Books   RHEMA Bible Training College2010-04-14General Stacks2010-04-14